| 000 | 01119nam a22003017a 4500 | ||
|---|---|---|---|
| 001 | BR8104518 | ||
| 003 | BR-BrBNA | ||
| 005 | 20230928091020.0 | ||
| 007 | ta | ||
| 008 | 230509b bl.||||| |||| 00| 0 por d | ||
| 040 |
_aBR-BrBNA _bpor _cBiblioteca Nacional de Agricultura |
||
| 041 | _a(Por) | ||
| 072 |
_aL72 _b4050 _b4060 _b6000 _b/G514 |
||
| 090 | _ 4050 BR8104518 | ||
| 100 | 1 | _aPavanelli, G.C. | |
| 110 | 1 |
_aUniversidade Federal do Parana, Curitiba (Brasil) _0Tese (Mestrado) |
|
| 245 | 1 | _aHelmintofauna de Gallus Gallus Domesticus (Lin., 1758)(Galliformes, Phasianidae)criados em fundo de quintal no Municipio de Maringa - Parana [ave domestica, verminose, Brasil] | |
| 260 | 3 |
_aCuritiba, PR (Brasil): _c1981. |
|
| 300 | _a62 p. | ||
| 500 | _a7 tables; Summaries (Eng, Por); Bibliography p. 58-62 (55 ref.). (*) Documento disponível na(o) Universidade Estadual de Maringa, PR (Brazil). Biblioteca Central | ||
| 650 | _aHELMINTOLOGIA | ||
| 650 | _aVERMINOSE | ||
| 650 | _aAVE DOMESTICA | ||
| 650 | _aPARASITO DE ANIMAL | ||
| 650 | _aPARANA | ||
| 909 |
_a202309 _bLucia _c55 _dLucia Elande |
||
| 942 | _cBK | ||
| 999 |
_c31763 _d31763 |
||